000 00357 a2200157 4500
001 191939
020 _a978-85-66470-66-6
040 _cMagnum
100 _aRios, Rosana
240 1 0 _aA bela adormecida do bosque
_lpor
245 1 0 _aA bela adormecida do bosque
300 _a56
362 0 _a2014
697 _aLITERATURA INFANTO-JUVENIL
942 _cBK
999 _c191939
_d191939